<?xml version="1.0" encoding="UTF-8"?>
<collection xmlns="http://www.loc.gov/MARC21/slim">
 <record>
  <leader>01226nam a2200217Ia 4500</leader>
  <controlfield tag="001">TDMU_7012</controlfield>
  <controlfield tag="008">210410s9999    xx            000 0 und d</controlfield>
  <datafield tag="082" ind1=" " ind2=" ">
   <subfield code="a">660.06</subfield>
  </datafield>
  <datafield tag="090" ind1=" " ind2=" ">
   <subfield code="b">NG528</subfield>
  </datafield>
  <datafield tag="100" ind1=" " ind2=" ">
   <subfield code="a">NguyêÌƒn, Văn UyêÌ‰n</subfield>
  </datafield>
  <datafield tag="245" ind1=" " ind2="0">
   <subfield code="a">NhưÌƒng kiêÌn thưÌc cơ baÌ‰n vêÌ€ công nghêÌ£ sinh hoÌ£c</subfield>
  </datafield>
  <datafield tag="245" ind1=" " ind2="0">
   <subfield code="c">NguyêÌƒn Văn UyêÌ‰n (chuÌ‰ biên), NguyêÌƒn TiêÌn ThăÌng</subfield>
  </datafield>
  <datafield tag="260" ind1=" " ind2=" ">
   <subfield code="a">H.</subfield>
  </datafield>
  <datafield tag="260" ind1=" " ind2=" ">
   <subfield code="b">GiaÌo duÌ£c</subfield>
  </datafield>
  <datafield tag="260" ind1=" " ind2=" ">
   <subfield code="c">2001</subfield>
  </datafield>
  <datafield tag="300" ind1=" " ind2=" ">
   <subfield code="a">243tr.</subfield>
  </datafield>
  <datafield tag="520" ind1=" " ind2=" ">
   <subfield code="a">Cung câÌp nhưÌƒng kiêÌn thưÌc cơ sơÌ‰ chuÌ‰ yêÌu vêÌ€ công nghêÌ£ sinh hoÌ£c hiêÌ£n đaÌ£i laÌ€m nêÌ€n taÌ‰ng cho viêÌ£c đi sâu, nghiên cưÌu tưÌ€ng liÌƒnh vưÌ£c cuÌ£ thêÌ‰ cuÌ‰a công nghêÌ£ sinh hoÌ£c hiêÌ£n đaÌ£i</subfield>
  </datafield>
  <datafield tag="650" ind1=" " ind2=" ">
   <subfield code="a">Công nghêÌ£ sinh hoÌ£c; Sinh hoÌ£c; Công nghêÌ£; Công nghêÌ£ sinh hoÌ£c</subfield>
  </datafield>
  <datafield tag="700" ind1=" " ind2=" ">
   <subfield code="a">NguyêÌƒn, TiêÌn ThăÌng</subfield>
  </datafield>
  <datafield tag="856" ind1=" " ind2=" ">
   <subfield code="u">http://lrc.tdmu.edu.vn/opac/search/detail.asp?aID=2&amp;ID=7012</subfield>
  </datafield>
  <datafield tag="980" ind1=" " ind2=" ">
   <subfield code="a">Trung tâm Học liệu Trường Đại học Thủ Dầu Một</subfield>
  </datafield>
 </record>
</collection>
